000 00744nam a22002177a 4500
005 20120604115227.0
008 120604t xxu||||| |||| 00| 0 eng d
010 _aENG-105417
020 _a9788190399102
_c250.00
035 _aEN-88950
037 _bDBAD/PUB
040 _aDPL
_bEng
082 _aN
100 _aChatterjee, Amitabha
_948382
245 _aOf wooing, woes & wanderings /
_cby Amitabha Chatterjee
260 _aDelhi
_bGyanna Books
_c2010
270 _aS-12, Plot No. B-7, Street no. 13, Madhu Vihar Market, Patpadganj
_bDelhi
_e110092
300 _a258p.
_c22cm(pbk)
942 _2ddc
_cEN
_hN
_mCHA
999 _c67460
_d67460